La France de 1848 à 1914 : Le temps de la démocratie et de l'industrie (notice n° 1925091)

détails MARC
000 -LEADER
fixed length control field 01537cam a2200133 4500500
005 - DATE AND TIME OF LATEST TRANSACTION
control field 20260329023141.0
041 ## - LANGUAGE CODE
Language code of text/sound track or separate title fre
042 ## - AUTHENTICATION CODE
Authentication code dc
100 10 - MAIN ENTRY--PERSONAL NAME
Personal name Geslot, Jean-Charles
Relator term author
245 00 - TITLE STATEMENT
Title La France de 1848 à 1914 : Le temps de la démocratie et de l'industrie
260 ## - PUBLICATION, DISTRIBUTION, ETC.
Name of publisher, distributor, etc. Armand Colin,<br/>
Date of publication, distribution, etc. 2014.<br/>
520 ## - SUMMARY, ETC.
Summary, etc. De 1848, année de proclamation du suffrage universel, à l’Union sacrée de 1914, la deuxième moitié du XIXe siècle est marquée par l’installation et la consolidation du système démocratique. Au fil de trois régimes marqués par de nombreuses expériences politiques, et alors que se clôt l’ère des révolutions, le régime institutionnel de la France se stabilise. La République s’installe et se renforce, et avec elle les principes hérités de la Révolution, souveraineté populaire et séparation des pouvoirs. L’industrialisation qui prend vraiment son essor durant cette période modifie également en profondeur l’économie, la société et la culture françaises. La France entre progressivement dans l’ère de la production, de la consommation et de la culture de masse. Le chemin de fer, l’automobile, l’imprimé, l’école, l’électricité entrent dans le quotidien des Français. C’est le temps de la tour Eiffel, de Jules Verne, des colonisateurs, du tour de France, du cinématographe, autant de symboles d’une France en pleine recomposition.
856 41 - ELECTRONIC LOCATION AND ACCESS
Uniform Resource Identifier <a href="https://shs.cairn.info/la-france-de-1848-a-1914--9782200289904?lang=fr&redirect-ssocas=7080">https://shs.cairn.info/la-france-de-1848-a-1914--9782200289904?lang=fr&redirect-ssocas=7080</a>

Pas d'exemplaire disponible.

PLUDOC

PLUDOC est la plateforme unique et centralisée de gestion des bibliothèques physiques et numériques de Guinée administré par le CEDUST. Elle est la plus grande base de données de ressources documentaires pour les Étudiants, Enseignants chercheurs et Chercheurs de Guinée.

Adresse

627 919 101/664 919 101

25 boulevard du commerce
Kaloum, Conakry, Guinée

Réseaux sociaux

Powered by Netsen Group @ 2025